000 01037naa a2200229 i 4500
001 4803
003 ES-MaBCM
005 20241016090910.0
008 890203s1988 esp 000 0 spa d
021 _axx
035 _a(OCoLC)1365194598
040 _cES-MaBCM
041 0 _aspa
043 _aesp
111 2 _aJornadas sobre el Medio Ambiente
_9114118
_d1988
_cMadrid)
245 1 0 _aMedio ambiente
_cJornadas sobre el medio ambiente
520 _aNº monográfico: C. Carrasco-Muñoz de Vera "El medio ambiente. Los movimientos sociales: aspectos sociológicos y cívicos"; J.J. Abad Pérez "Las administraciones públicas, el control jurisdiccional y el medio ambiente"; C. Conde-Pumpido Tourón "Protección penal del medio ambiente. Cuestiones generales"; C. Auger Liñán "Problemática de la responsabilidad civil en materia ambiental"; etc.
650 2 7 _aProtección del medio ambiente
_959954
651 2 4 _aEspaña
_9115342
773 0 _aEn:
_tPoder judicial
_dMadrid : 1988
_gnº especial 4 ; 177 p.
_w104491
942 _cAREV
999 _c4803
_d4803